000 00658nam a2200229 i 4500
003 DO-SdBNP
005 20250604100631.0
007 ta
008 240830s1967 dr 000 p spa d
040 _aDO-SdBNP
_bspa
_cBNPHU
_erda
082 _axxx
_bL937
_222
100 1 _aLucia, Aida
_eautora
_4aut.
_987975
245 1 0 _aMis poemas /
_cAida Lucia
264 _aSanto Domingo :
_bEditorial Librería Dominicana,
_c[1967].
300 _a29 páginas
_c21 cm.
336 _atexto
_btxt
_2rdacontent
337 _asin mediación
_bn
_2rdamedia
338 _avolumen
_bnc
_2rdacarrier
590 _aInventariado, 2025/ YL
910 _aYLockward
942 _2ddc
_cLF2
999 _c59137
_d59137